TOEIC Speaking / Answers Key

Na minha lista:
Detalhes bibliográficos
Autor principal: Lee Se-yeong
Formato: Livro
Idioma:English
Publicado em: TPHCM, Tổng Hợp 2011.
Assuntos:
Tags: Adicionar Tag
Sem tags, seja o primeiro a adicionar uma tag!
Thư viện lưu trữ: Mạng thư viện Đại học Đà Nẵng
LEADER 00952cam a22003011a 4500
001 000035213
003 11489
005 20241009100713.0
008 151106s2011 000 eng
020 |a 9786048557140 
041 |a eng 
082 |a 420.8  |b LE-Y 
100 |a Lee Se-yeong 
245 0 |a TOEIC Speaking /  |c Lee Se-Yeong  |n Answers Key 
260 |b Tổng Hợp  |a TPHCM,  |c 2011. 
300 |a 101tr. : ;  |c 26cm. 
650 |a TOEIC Speaking 
653 |a TOEIC  |a Speaking 
OWN |a LNN 
AVA |a UDN50  |b LNN  |c English  |d 420.8 LE-Y  |e available  |t Error 5001 Not defined in file expand_doc_bib_avail.  |f 10  |g 0  |h N  |i 0  |j AN 
999 |a From the UDN01 
AVA |a UDN50  |b LNN  |c English  |d 420.8 LE-Y  |e available  |t Error 5001 Not defined in file expand_doc_bib_avail.  |f 10  |g 0  |h N  |i 0  |j AN 
TYP |a Monograph 
TYP |a Printed language 
980 |a Mạng thư viện Đại học Đà Nẵng